| 000 | 00611cam a22001935a 4500 | ||
|---|---|---|---|
| 001 | E153014 | ||
| 008 | 110523s2011 xxk 000 0 eng u | ||
| 035 | _a(Sirsi) u153014 | ||
| 041 | _aeng | ||
| 050 | _a711.552 $2 18 | ||
| 110 |
_aIngleby Trice _9675 |
||
| 245 |
_aCity floorspace survey _bFebruary 2011 |
||
| 260 |
_aLondon _bIngleby Trice _c2011 |
||
| 300 |
_a11p. _c30cm. |
||
| 520 | _aA monthly report which provides figures for floorspace availability and take up in the City and City Fringe. | ||
| 651 | 4 | _aLondon | |
| 690 | _aPROPERTY-COMMERCIAL PROPERTY-COMMERCIAL PROPERTY MARKET | ||
| 942 | _n0 | ||
| 999 |
_c112325 _d112325 |
||